| 000 -LEADER | |
|---|---|
| fixed length control field | 00325nam a22001337a 4500 |
| 020 ## - INTERNATIONAL STANDARD BOOK NUMBER | |
| ISBN | 0965047008 |
| 050 ## - LIBRARY OF CONGRESS CALL NUMBER | |
| Classification number | GN 6545 gye |
| 100 ## - MAIN ENTRY--AUTHOR NAME | |
| Personal name | GYEKYE, Kwame |
| 245 ## - TITLE STATEMENT | |
| Title | African cultural values: an introduction |
| 260 ## - PUBLICATION, DISTRIBUTION, ETC. (IMPRINT) | |
| Place of publication | Accra |
| Name of publisher | Sankofa Publishing Company |
| Year of publication | 1996 |
| 300 ## - PHYSICAL DESCRIPTION | |
| Number of Pages | xv, 194p. |
| 942 ## - ADDED ENTRY ELEMENTS (KOHA) | |
| Koha item type | Books |
| 988 ## - PAGINATION/EXTENT | |
| PAGINATION/EXTENT | xv, 194p. |
| Koha item type | Collection code | Shelving location | Accession Number | Permanent Location | Current Location | Date acquired | Full call number |
|---|---|---|---|---|---|---|---|
| Books | Reference | Reference | 3079c1 | Chapman Library | Chapman Library | 2017-02-04 | GN 6545 gye |
| Books | Reference | Reference | 3080c2 | Chapman Library | Chapman Library | 2017-02-04 | GN 6545 gye |
| Books | Reference | Reference | 3191c3 | Chapman Library | Chapman Library | 2017-02-04 | GN 6545 gye |
| Books | Reference | Reference | 3192 c4 | Chapman Library | Chapman Library | 2017-02-04 | GN 6545 gye |
| Books | Lending | Lending | 6602 | Chapman Library | Chapman Library | 2018-01-23 | GN 6545gye |
| Books | Lending | Lending | 6603 | Chapman Library | Chapman Library | 2018-01-23 | GN 6545gye |
| Books | Lending | Lending | 6604 | Chapman Library | Chapman Library | 2018-01-23 | GN 6545gye |
| Books | Reference | Reference | 6605 | Chapman Library | Chapman Library | 2018-01-23 | GN 6545gye |
| Books | Lending | Book Cart | 6601 | Chapman Library | Chapman Library | 2018-02-08 | GN 6545 gye |

